01005nam a2200265Ia 4500003000400000005001700004008004100021020001800062040001800080041000800098082002000106100002400126245007700150250001200227260004600239300003000285650004600315650006300361650003700424700002700461700002900488942002900517999001900546952017400565OSt20251031113017.0210716s2012 xx 000 0 und d a9788126523313 cAIMIT LIBRARY aeng a005.8 22bCOLE aCole, Eric.9243338 aNetwork security bible /cBy Eric Cole, Ronald Krutz and James W Conley. a2nd ed. aNew Delhi :bWiley India Pvt Ltd ,c2012. axliv;891p. ;bPBc23.8 cm aThe user interface design process9243339 aUnderstanding the principles of good screen design9243340 aChoose the proper colors9243341 aKrutz, Ronald.9243342 aConley, James W.9243343 2ddccBKe1stk005.8 COLE c193902d193902 00102ddc40708MCAaAIMITbAIMITeHigginbothams Pvt Ltdg599.00iBill no:1492; Bill dt:2014-03-15l0o005.8 COLEpMCA13410r2026-05-23 00:00:00v449.25w2021-07-16yBK